Currency Click Quiz - Statistics

General Stats
  • This quiz has been taken 34 times
  • The average score is 21 of 30
Answer Stats
Hint Answer % Correct
Japan Yen
100%
China Yuan
96%
Vietnam Dong
93%
South Africa Rand
89%
Central African Republic CFA Franc
86%
Turkey Lira
86%
Thailand Baht
82%
Israel Shekel
82%
Poland Złoty
82%
Bolivia Boliviano
79%
Chile Peso
79%
Belarus Ruble
79%
Malta Euro
75%
Venezuela Bolívar
71%
Egypt Pound
71%
Indonesia Rupiah
68%
Hungary Forint
64%
Albania Lek
64%
Iran Rial
64%
Angola Kwanza
61%
Malaysia Ringgit
61%
Nepal Rupee
57%
Armenia Dram
54%
Tanzania Shilling
54%
Peru Sol
50%
Panama Balboa
46%
Azerbaijan Manat
46%
Bangladesh Taka
46%
Laos Kip
36%
Georgia Lari
32%
No matching quizzes found
Score Distribution
Percent of People with Each Score
Percentile by Number Answered
Your Score History
You have not taken this quiz